Countries by Elevation Span - Statistics

General Stats
  • This quiz has been taken 326 times
  • The average score is 18 of 20
Answer Stats
Metres Feet Country % Correct
9,002 29,534 China
99%
8,588 28,177 India
98%
8,789 28,835 Nepal
98%
6,276 20,589 United States
98%
5,670 18,602 Russia
96%
5,959 19,551 Canada
95%
8,611 28,251 Pakistan
94%
6,893 22,615 Chile
93%
7,473 24,518 Bhutan
92%
6,802 22,316 Peru
91%
7,065 23,179 Argentina
90%
7,234 23,734 Afghanistan
87%
5,700 18,701 Colombia
84%
6,267 20,561 Ecuador
83%
7,142 23,432 Kazakhstan
83%
6,452 21,168 Bolivia
82%
7,195 23,606 Tajikistan
79%
7,004 22,979 Kyrgyzstan
78%
5,892 19,331 Tanzania
77%
5,881 19,295 Myanmar
64%
No matching quizzes found
Score Distribution
Percent of People with Each Score
Percentile by Number Answered
Your Score History
You have not taken this quiz